The Discovery of Architecture A Contemporary Treatise on Ancient Values and Indigenous Reality (Record no. 3691)
[ view plain ]
| 000 -LEADER | |
|---|---|
| fixed length control field | 00345nam a2200109Ia 4500 |
| 008 - FIXED-LENGTH DATA ELEMENTS--GENERAL INFORMATION | |
| fixed length control field | 200302s9999 xx 000 0 und d |
| 100 ## - MAIN ENTRY--PERSONAL NAME | |
| Personal name | M.N. Ashish Ganju and Narendra Dengle |
| 245 ## - TITLE STATEMENT | |
| Title | The Discovery of Architecture A Contemporary Treatise on Ancient Values and Indigenous Reality |
| 260 ## - PUBLICATION, DISTRIBUTION, ETC. | |
| Name of publisher, distributor, etc. | Greha Publication |
| 260 ## - PUBLICATION, DISTRIBUTION, ETC. | |
| Date of publication, distribution, etc. | 2013 |
| 300 ## - PHYSICAL DESCRIPTION | |
| Extent | 66 |
| Withdrawn status | Lost status | Damaged status | Not for loan | Permanent Location | Current Location | Date acquired | Cost, normal purchase price | Total Checkouts | Full call number | Barcode | Date last seen | Date last checked out | Price effective from | Koha item type |
|---|---|---|---|---|---|---|---|---|---|---|---|---|---|---|
| BMS College of Architecture, Design and Planning | BMS College of Architecture, Design and Planning | 2020-03-03 | 500.00 | 3 | 720.924 | CL-UG67780 | 2022-12-27 | 2022-12-15 | 2020-03-03 | UG Books from CL |